Extended and encyclopedic dictionary of economics: with Turkish, Russian and Turkmen Languages (Record no. 29949)
[ view plain ]
| 000 -LEADER | |
|---|---|
| fixed length control field | 00432nam a2200157Ia 4500 |
| 020 ## - INTERNATIONAL STANDARD BOOK NUMBER | |
| ISBN | 9789995668167 |
| 050 ## - CALL MARK | |
| Classification number | HB 61 .E98/ |
| 245 #0 - TITLE STATEMENT | |
| Title | Extended and encyclopedic dictionary of economics: with Turkish, Russian and Turkmen Languages |
| 260 ## - PUBLICATION, DISTRIBUTION, ETC. (IMPRINT) | |
| Place of publication | Albania |
| 260 ## - PUBLICATION, DISTRIBUTION, ETC. (IMPRINT) | |
| Name of publisher | Epoka University Pub. |
| 260 ## - PUBLICATION, DISTRIBUTION, ETC. (IMPRINT) | |
| Year of publication | 2009 |
| 300 ## - PHYSICAL DESCRIPTION | |
| Number of Pages | 1003 p |
| 942 ## - ADDED ENTRY ELEMENTS (KOHA) | |
| Koha item type | Books |
| Withdrawn status | Lost status | Source of classification or shelving scheme | Damaged status | Not for loan | Permanent Location | Current Location | Date acquired | Accession Number | Price effective from | Koha item type |
|---|---|---|---|---|---|---|---|---|---|---|
| Library of Congress Classification | NILE UNIVERSITY OF NIGERIA - MAIN LIBRARY | NILE UNIVERSITY OF NIGERIA - MAIN LIBRARY | 04/23/2025 | 0184731 | 04/23/2025 | Books |